[Event "Tourn. n9834"]
[Site "www.echecsemail.com"]
[Date "2018.06.10"]
[Round "1"]
[White "Piekki"]
[Black "Juheset"]
[WhiteElo "2200"]
[BlackElo "2010"]
[Result "1-0"]
[Round "1"]
1.g3 Nb8c6
2.Bf1g2 b6
3.c4 Bc8b7
4.Nb1c3 e6
5.e4 d6
6.d4 Ng8e7
7.Ng1e2 g6
8.Bc1g5 Bf8g7
9.Qd1d2 O-O
10.O-O f6
11.Bg5h6 Bg7xh6
12.Qd2xh6  { time }
1-0

[Event "Tourn. n9825"]
[Site "www.echecsemail.com"]
[Date "2018.06.10"]
[Round "1"]
[White "Juheset"]
[Black "Julian"]
[WhiteElo "2059"]
[BlackElo "1860"]
[Result "0-1"]
[Round "1"]
1.e3 e5
2.d4 exd4
3.exd4 d5
4.Nb1c3 Ng8f6
5.Bc1f4 Bf8d6
6.Qd1f3 Bd6xf4
7.Qf3xf4 O-O
8.Bf1d3 Rf8e8
9.Ng1e2 c5
10.dxc5 Nb8c6
11.O-O-O Bc8g4
 { time }
0-1

[Event "Tourn. n9833"]
[Site "www.echecsemail.com"]
[Date "2018.06.10"]
[Round "1"]
[White "Redapond1"]
[Black "Cal"]
[WhiteElo "1520"]
[BlackElo "1690"]
[Result "0-1"]
[Round "1"]
1.d4 d5
2.Bc1f4 h6
3.Nb1c3 Ng8f6
4.Nc3b5 e5
5.Bf4xe5 Bf8d6
6.Be5xd6 cxd6
7.Ng1f3 a6
 { time }
0-1

[Event "Tourn. n9834"]
[Site "www.echecsemail.com"]
[Date "2018.06.10"]
[Round "1"]
[White "Juheset"]
[Black "Wegaman"]
[WhiteElo "2010"]
[BlackElo "2040"]
[Result "0-1"]
[Round "1"]
1.e3 e5
2.d4 e4
3.f3 f5
4.fxe4 fxe4
5.Qd1h5 Ke7
6.Qh5e5 Kf7
7.Bf1c4 Kg6
8.Qe5xe4 Kf6
9.Qe4f4 Kg6
 { time }
0-1

[Event "Tourn. n9842"]
[Site "www.echecsemail.com"]
[Date "2018.06.10"]
[Round "1"]
[White "Gegonz"]
[Black "Juheset"]
[WhiteElo "2150"]
[BlackElo "1990"]
[Result "1-0"]
[Round "1"]
1.Ng1f3 d5
2.c4 dxc4
3.Qd1a4 Nb8c6
4.Qa4xc4 Ng8f6
5.d4 Bc8f5
6.Nb1c3 Bf5g4
7.d5 Nc6a5
8.Qc4a4 c6
9.Nf3e5  { time }
1-0

[Event "Tourn. n9816"]
[Site "www.echecsemail.com"]
[Date "2018.06.10"]
[Round "1"]
[White "Juheset"]
[Black "Kevinking"]
[WhiteElo "1969"]
[BlackElo "1870"]
[Result "0-1"]
[Round "1"]
1.e4 e6
2.c4 c5
3.g3 Nb8c6
4.Ng1f3 e5
5.a3 d6
6.Bf1g2 Ng8f6
7.Nb1c3 Bf8e7
8.d3 a6
9.Ra1b1 Bc8g4
10.h3 Bg4e6
11.Bc1e3 O-O
12.Qd1c1 Ra8b8
13.Nf3g5 Be6d7
 { time }
0-1

[Event "Match"]
[Site "www.echecsemail.com"]
[Date "2018.06.10"]
[Round "1"]
[White "Guillaumefi"]
[Black "Eeze"]
[WhiteElo "1710"]
[BlackElo "1749"]
[Result "1-0"]
[Round "1"]
1.c4 e5
2.Nb1c3 c6
3.g3 Ng8f6
4.Bf1g2 Bf8e7
5.d3 h6
6.Ng1f3 Qd8c7
7.d4 e4
8.Nf3h4 d5
9.cxd5 cxd5
10.Nh4f5 Bc8xf5
11.Bc1f4 Qc7d7
12.a3 Bf5h3
13.O-O Bh3xg2
14.Kxg2 Be7d6
15.Bf4xd6 Qd7xd6
16.Ra1c1 a6
17.Nc3xe4 Nf6d7
18.Ne4xd6 Ke7
19.Nd6f5 { resign }
1-0

[Event "Tourn. n9846"]
[Site "www.echecsemail.com"]
[Date "2018.06.10"]
[Round "1"]
[White "Osopanda"]
[Black "Bira47"]
[WhiteElo "1960"]
[BlackElo "1930"]
[Result "0-1"]
[Round "1"]
1.d4 g6
2.c4 Bf8g7
3.Nb1c3 c6
4.e4 d6
5.f4 e6
6.Ng1f3 h6
7.Bf1d3 Nb8d7
8.O-O { time. }
0-1

[Event "Tourn. n9801"]
[Site "www.echecsemail.com"]
[Date "2018.06.10"]
[Round "1"]
[White "Bojan"]
[Black "Fabos12"]
[WhiteElo "1990"]
[BlackElo "1870"]
[Result "1-0"]
[Round "1"]
1.e4 e6
2.d4 d5
3.exd5 exd5
4.a3 Ng8f6
5.Nb1c3 Bf8d6
6.Qd1f3 Bc8g4
7.Qf3e3 Bg4e6
8.f3 c6
9.Bf1d3 Nf6h5
10.Ng1e2 h6
11.Qe3f2 g5
12.Ne2g3 Nh5xg3
13.hxg3 Qd8c7
14.Nc3e2 Nb8d7
15.Bc1xg5 c5
16.c3 c4
17.Bd3c2 Rh8g8
18.Bg5xh6 O-O-O
19.Ne2f4 Bd6xf4
20.Bh6xf4 Qc7b6
21.O-O-O f5
22.Rh1h6 Nd7f8
23.Bc2xf5 Rd8e8
24.Rd1e1 Kd7
25.Re1e5 Qb6a5
26.Qf2e2 Qa5b6
27.Rh6f6 Re8e7
28.Re5xd5 Kc8
29.Qe2xc4 { time. }
1-0

[Event "Match"]
[Site "www.echecsemail.com"]
[Date "2018.06.10"]
[Round "1"]
[White "Darknight"]
[Black "Tonino1"]
[WhiteElo "1900"]
[BlackElo "2200"]
[Result "0-1"]
[Round "1"]
1.e4 d6
2.Bf1c4 Ng8f6
3.d3 c6
4.a3 g6
5.Bc4a2 Bf8g7
6.Nb1c3 O-O
7.Nc3e2 e5
8.h3 Bc8e6
9.c4 Qd8c7
10.f3 Nf6d7
11.Bc1d2 Nd7c5
12.Ba2b1 a5
13.h4 a4
14.Bb1c2 Qc7b6
15.Ra1b1 Nc5b3
16.Bc2xb3 Qb6xb3
17.Qd1xb3 axb3
18.g4 Nb8a6
19.g5 Na6c5
20.Rh1h2 Nc5xd3
21.Kd1 Be6xc4
22.h5 Nd3c5
23.h6 Bg7h8
24.f4 Nc5xe4
25.Bd2b4 Bc4d3
26.Rb1c1 c5
27.Bb4c3 Ne4xc3
28.Ne2xc3 e4
29.Rh2d2 c4
30.Ng1h3 e3
31.Rd2h2 Bh8xc3
32.bxc3 Ra8xa3
33.Rh2b2 Rf8a8
34.Rb2b1 Bd3xb1
35.Rc1xb1 Ra3a1
36.Kc1 Ra1xb1
37.Kxb1 e2
38.Nh3g1 e1Q
{ resign }
0-1

[Event "Tourn. n9828"]
[Site "www.echecsemail.com"]
[Date "2018.06.10"]
[Round "1"]
[White "Coolant"]
[Black "Tonino1"]
[WhiteElo "2350"]
[BlackElo "2200"]
[Result "1/2-1/2"]
[Round "1"]
1.e4 d6
2.d4 Ng8f6
3.Nb1c3 c6
4.a4 Qd8c7
5.f4 g6
6.Ng1f3 Bf8g7
7.e5 dxe5
8.dxe5 Nf6d7
9.Bc1e3 O-O
10.Bf1c4 Nd7b6
11.Bc4b3 e6
12.Nc3e4 Rf8d8
13.Qd1e2 Nb6d5
14.Be3d2 b6
15.c4 Bc8a6
16.Qe2f2 Nd5e7
17.O-O c5
18.Ra1d1 Nb8c6
19.Ne4d6 Ne7f5
20.Nd6xf5 exf5
21.Bd2c3 Ba6b7
22.Bb3c2 Rd8xd1
23.Rf1xd1 Ra8d8
24.Rd1xd8 Qc7xd8
25.h3 f6
26.Qf2e3 fxe5
27.Nf3xe5 Nc6d4
28.Bc3xd4 cxd4
29.Qe3e2 Qd8c7
30.c5 Qc7xc5
31.Bc2b3 Bb7d5
32.Ne5d3 Qc5d6
33.Qe2e8 Bg7f8
34.Bb3xd5 Qd6xd5
35.Nd3e5 d3
36.Ne5d7 Qd5d6
37.Nd7xf8 Qd6xf8
38.Qe8xf8 Kxf8
39.Kf2 Ke7
40.Ke3 d2
41.Kxd2 Kd6
42.Kc3 Kd5
43.Kd3 a6
44.b4 a5
45.b5 Kc5
46.Kc3 Kd5
{ draw }
1/2-1/2

[Event "Tourn. n9830"]
[Site "www.echecsemail.com"]
[Date "2018.06.10"]
[Round "1"]
[White "Tonino1"]
[Black "Louis"]
[WhiteElo "2150"]
[BlackElo "2020"]
[Result "0-1"]
[Round "1"]
1.d4 d5
2.f4 Ng8f6
3.e3 Bc8f5
4.Bf1d3 e6
5.Ng1f3 Bf8e7
6.O-O O-O
7.c3 c5
8.Bd3xf5 exf5
9.Qd1e2 Nb8c6
10.Nb1d2 Nf6e4
11.Nf3e5 f6
12.Ne5xc6 bxc6
13.Nd2b3 Qd8b6
14.dxc5 Be7xc5
15.Nb3xc5 Qb6xc5
16.Bc1d2 Rf8e8
17.Rf1f3 a6
18.Ra1c1 Ra8d8
19.c4 dxc4
20.Bd2e1 Rd8d3
21.b3 Qc5d6
22.Rc1xc4 Re8d8
23.Be1a5 Rd8d7
24.Rc4c1 Qd6a3
25.Ba5e1 Qa3xc1
 { time }
0-1

[Event "Tourn. n9827"]
[Site "www.echecsemail.com"]
[Date "2018.06.10"]
[Round "1"]
[White "Piekki"]
[Black "Juheset"]
[WhiteElo "2190"]
[BlackElo "2020"]
[Result "1-0"]
[Round "1"]
1.e4 e5
2.Ng1f3 Nb8c6
3.Bf1b5 d6
4.d4 exd4
5.Bb5xc6 bxc6
6.Qd1xd4 Qd8f6
7.e5 dxe5
8.Qd4xe5 Qf6xe5
9.Nf3xe5 Bc8b7
10.O-O Bf8d6
11.Rf1e1 Bd6xe5
12.Re1xe5 Ng8e7
13.Nb1c3 f6
14.Re5e1 Kf7
15.Bc1f4 Ra8c8
16.Ra1d1 Ne7d5
17.Bf4g3 Nd5xc3
18.Rd1d7  { time }
1-0

[Event "Match"]
[Site "www.echecsemail.com"]
[Date "2018.06.10"]
[Round "1"]
[White "Lucid1963"]
[Black "Cal"]
[WhiteElo "1599"]
[BlackElo "1640"]
[Result "1-0"]
[Round "1"]
1.e4 e5
2.Ng1f3 d6
3.d4 Bc8g4
4.dxe5 Nb8c6
5.exd6 cxd6
6.Nb1c3 a6
7.Bf1c4 Ng8f6
8.Bc1e3 Nc6e5
9.Bc4b3 b5
10.Nc3d5 h6
11.Be3d4 Bg4xf3
12.gxf3 Nf6h5
13.f4 Ne5c6
14.Bd4c3 Bf8e7
15.Qd1xh5 Ra8a7
16.Nd5f6 Be7xf6
17.e5 dxe5
18.fxe5 Bf6g5
19.e6 Qd8e7
20.Qh5xf7 Qe7xf7
21.exf7 Ra7xf7
22.Bb3xf7 Kxf7
23.Ra1d1 a5
24.Rd1d7 Bg5e7
25.Rh1g1 Rh8g8
26.Rd7c7 Nc6d8
27.Rg1xg7 Rg8xg7
28.Bc3xg7 Ke8
29.Bg7xh6 Nd8e6
30.Rc7c3 Be7f6
31.Rc3c6 Kf7
32.c3 Ne6d8
33.Rc6b6 b4
34.cxb4 axb4
35.Rb6xb4 Nd8c6
36.Rb4b6 Nc6e5
37.Ke2 Ne5c4
38.Rb6b7 Kg6
39.b3 Nc4d6
40.Rb7b6 Nd6e8
41.Bh6e3 Ne8c7
42.Be3d4 Nc7d5
43.Rb6xf6 Nd5xf6
44.Bd4xf6 Kxf6
45.a4 { resign }
1-0

[Event "1/128 Finale"]
[Site "www.chess-mail.com"]
[Date "2018.06.10"]
[Round "1"]
[White "Attatroll"]
[Black "Reda"]
[WhiteElo "2010"]
[BlackElo "1700"]
[Result "1-0"]
[Round "1"]
1.e4 e5
2.Ng1f3 Nb8c6
3.d4 d6
4.dxe5 dxe5
5.Qd1xd8 Kxd8
6.Bc1e3 Bc8g4
7.c3 Bf8d6
8.Nb1d2 Ng8f6
9.h3 Bg4e6
10.Nf3g5 h6
11.Ng5xe6 fxe6
12.Bf1c4 Kd7
13.O-O Ra8d8
14.Ra1d1 Kc8
15.Bc4xe6 Kb8
16.Nd2c4 Rd8e8
17.Nc4xd6 cxd6
18.Be6b3 Re8d8
19.a4 Nf6xe4
20.Bb3d5 Ne4f6
21.Bd5b3 d5
22.g4 d4
23.cxd4 Nc6xd4
24.Be3xd4 Rd8xd4
25.Rd1xd4 e4
26.Rf1d1 { resign }
1-0

[Event "1/128 Finale"]
[Site "www.chess-mail.com"]
[Date "2018.06.10"]
[Round "1"]
[White "Alessiov"]
[Black "Alekpax"]
[WhiteElo "1580"]
[BlackElo "1499"]
[Result "1/2-1/2"]
[Round "1"]
1.e4 e5
2.Ng1f3 Nb8c6
3.Bf1b5 a6
4.Bb5a4 Ng8f6
5.O-O Bf8e7
6.Rf1e1 b5
7.Ba4b3 O-O
8.c3 d6
9.h3 Nc6a5
10.Bb3c2 c5
11.d4 Qd8c7
12.d5 Bc8d7
13.b3 Na5b7
14.c4 Rf8b8
15.Bc2d3 Nb7a5
16.Bc1d2 Be7d8
17.Nb1a3 Qc7c8
18.Nf3h2 Bd8c7
19.Nh2f1 bxc4
20.bxc4 { draw }
1/2-1/2

[Event "Tourn. n9777"]
[Site "www.chess-mail.com"]
[Date "2018.06.11"]
[Round "1"]
[White "Falcoale"]
[Black "Attatroll"]
[WhiteElo "1860"]
[BlackElo "2010"]
[Result "0-1"]
[Round "1"]
1.e4 c5
2.Ng1f3 Nb8c6
3.Bf1c4 e6
4.O-O a6
5.a3 b5
6.Bc4a2 Bc8b7
7.d3 Ng8f6
8.Bc1g5 Bf8e7
9.Nb1c3 O-O
10.Nc3e2 Ra8c8
11.Ne2g3 h6
12.Bg5e3 Nf6g4
13.h3 Ng4xe3
14.fxe3 Be7f6
15.c3 Nc6e7
16.d4 Ne7g6
17.d5 c4
18.Ng3e2 Qd8b6
19.Qd1d2 Ng6e5
20.Ne2f4 g5
21.Nf4h5 Ne5xf3
22.Rf1xf3 Bf6e5
23.Nh5f6 Kg7
24.Nf6xd7 Qb6c7
25.Nd7xe5 Qc7xe5
26.Ba2b1 exd5
27.Rf3f5 Qe5g3
28.exd5 Rc8d8
29.Rf5f3 Rd8xd5
30.Qd2e2 Qg3h4
31.Bb1e4 Rd5d7
32.Be4xb7 Rd7xb7
33.Ra1f1 Rb7e7
34.Qe2d2 Rf8e8
35.Qd2d4 Qh4xd4
36.exd4 Re8d8
37.Rf3f5 Rd8d7
38.Rf5f6 Re7e2
39.Rf6xa6 Re2xb2
40.Rf1c1 Rd7e7
41.Kh1 Re7e2
42.Rc1g1 Re2c2
43.d5 Rc2xc3
44.a4 b4
45.d6 Rc3d3
46.a5 c3
47.Ra6c6 c2
48.Kh2 Rd3d1
49.a6 Rd1xg1
{ resign }
0-1

[Event "Tourn. n9780"]
[Site "www.chess-mail.com"]
[Date "2018.06.11"]
[Round "1"]
[White "Claymil"]
[Black "Malbertan"]
[WhiteElo "1940"]
[BlackElo "2020"]
[Result "0-1"]
[Round "1"]
1.c4 e6
2.Nb1c3 Ng8f6
3.g3 c5
4.Bf1g2 Nb8c6
5.e3 d5
6.cxd5 exd5
7.Ng1e2 Bc8e6
8.O-O Bf8d6
9.a3 O-O
10.b3 Ra8c8
11.Bc1b2 Qd8d7
12.d4 Be6h3
13.dxc5 Bd6xc5
14.Ne2f4 Bh3xg2
15.Kxg2 Rf8d8
16.Qd1f3 Nc6e7
17.Ra1d1 Qd7c6
18.Nc3xd5 Ne7xd5
19.Nf4xd5 Nf6xd5
20.Kg1 Nd5e7
21.Qf3g4 Qc6g6
22.Rd1xd8 Rc8xd8
23.Qg4f3 b6
24.b4 Bc5d6
25.h4 Ne7f5
26.Kh1 Bd6e7
27.h5 Qg6e6
28.Qf3g4 Be7f6
29.Bb2c1 Qe6c6
30.Kh2 Nf5h6
31.Qg4f4 Qc6b5
32.Rf1e1 Qb5xh5
33.Kg2 Bf6e5
34.Qf4c4 Nh6g4
35.Re1h1 Qh5f5
36.Qc4e2 Ng4f6
37.f3 Qf5d3
38.Qe2f2 Rd8c8
39.Kh3 Rc8c2
40.Qf2g1 Qd3f5
{ resign }
0-1

[Event "Tourn. n9724"]
[Site "www.chess-mail.com"]
[Date "2018.06.11"]
[Round "1"]
[White "Obisporey"]
[Black "Gvladutz"]
[WhiteElo "2600"]
[BlackElo "2520"]
[Result "1/2-1/2"]
[Round "1"]
1.e4 e5
2.Ng1f3 Nb8c6
3.Bf1b5 Bf8c5
4.c3 Bc5b6
5.O-O Ng8e7
6.d4 exd4
7.cxd4 d5
8.exd5 Ne7xd5
9.Rf1e1 Bc8e6
10.Bc1g5 Qd8d6
11.Nb1a3 h6
12.Bb5xc6 bxc6
13.Bg5d2 O-O
14.Na3c4 Qd6d8
15.Qd1c2 Rf8e8
16.Nc4e5 Nd5e7
17.Bd2b4 f6
18.Ne5d3 Be6d5
19.Bb4xe7 Re8xe7
20.Nd3b4 Re7xe1
21.Ra1xe1 Bd5xf3
22.gxf3 Qd8xd4
23.Nb4xc6 Qd4c5
24.Qc2xc5 Bb6xc5
25.b4 Bc5d6
26.Re1e3 Kf7
27.Re3a3 Ke6
28.Ra3a6 Kd5
29.a3 Kc4
30.Nc6xa7 c5
31.Ra6xd6 Ra8xa7
32.bxc5 Kxc5
33.Rd6d3 Ra7a4
34.f4 f5
35.Rd3g3 Ra4a7
36.Kg2 Kd6
37.h4 Ke6
38.Rg3e3 Kf6
39.Re3c3 g6
40.Rc3e3 Kf7
41.Re3b3 Kf6
42.Rb3e3 Kf7
43.Re3b3 Kf6
44.Kf3 Ra7a4
45.Rb3c3 Ke6
46.Rc3d3 Ke7
47.Kg3 Kf7
48.Rd3b3 Ke6
49.Kf3 Kf6
{ draw }
1/2-1/2

[Event "Match"]
[Site "www.echecsemail.com"]
[Date "2018.06.11"]
[Round "1"]
[White "Tonino1"]
[Black "Goofy"]
[WhiteElo "2240"]
[BlackElo "2350"]
[Result "1/2-1/2"]
[Round "1"]
1.d4 d6
2.f4 c6
3.e3 Nb8d7
4.Bf1d3 h6
5.Ng1f3 g5
6.O-O gxf4
7.exf4 Bf8g7
8.c3 Ng8f6
9.Nb1d2 Nd7f8
10.Rf1e1 Bc8g4
11.h3 Bg4d7
12.Nd2c4 Qd8c7
13.Qd1e2 Bd7e6
14.b3 O-O-O
15.f5 Be6xc4
16.Bd3xc4 d5
17.Bc4d3 e6
18.fxe6 fxe6
19.Nf3e5 Rd8e8
20.Bc1f4 Qc7e7
21.Ne5g6 Nf8xg6
22.Bd3xg6 Re8f8
23.Qe2xe6 Qe7xe6
24.Re1xe6 Nf6e4
25.Bg6xe4 Rf8xf4
26.Be4f3 Rh8g8
27.Ra1e1 Bg7xd4
28.cxd4 Rf4xf3
29.Re6e8 Rg8xe8
30.Re1xe8 Kd7
31.Re8b8 Kc7
32.Rb8xb7 Kxb7
33.gxf3 Kc7
34.Kf2 Kd6
35.b4 Ke6
36.Kg3 Kf5
37.f4 Ke4
38.Kg4 Kxd4
39.Kf3 c5
40.bxc5 Kxc5
41.Ke3 Kd6
42.Kd4 Ke6
43.a4 h5
{ draw }
1/2-1/2

[Event "Match"]
[Site "www.echecsemail.com"]
[Date "2018.06.11"]
[Round "1"]
[White "Lcbunghai"]
[Black "Geodad5"]
[WhiteElo "2070"]
[BlackElo "2180"]
[Result "0-1"]
[Round "1"]
1.e4 c5
2.Ng1f3 d6
3.d4 cxd4
4.Nf3xd4 Nb8c6
5.Nb1c3 Bc8d7
6.Bf1e2 g6
7.O-O Bf8g7
8.Bc1e3 Ng8f6
9.Rf1e1 O-O
10.a3 a6
11.f3 Ra8c8
12.f4 e5
13.fxe5 dxe5
14.Nd4xc6 Bd7xc6
15.Be2f3 b5
16.Qd1xd8 Rf8xd8
17.Ra1d1 h6
18.Be3b6 Rd8xd1
19.Re1xd1 Kf8
20.Rd1d8 Rc8xd8
21.Bb6xd8 Ke8
22.Bd8xf6 Bg7xf6
23.b3 Bf6e7
24.a4 b4
25.Nc3d5 Bc6xd5
26.exd5 Kd7
27.g4 f5
28.gxf5 gxf5
29.Bf3e2 a5
30.Kf2 Kd6
31.Be2c4 Kc5
32.Ke3 Be7g5
33.Kd3 e4
34.Ke2 Kd4
35.Kd1 f4
36.h3 f3
37.d6 e3
38.d7 Kc3
39.Bc4d3 e2
{ resign }
0-1

[Event "Match"]
[Site "www.echecsemail.com"]
[Date "2018.06.11"]
[Round "1"]
[White "Gimmyg"]
[Black "Fegatux"]
[WhiteElo "2520"]
[BlackElo "2310"]
[Result "1-0"]
[Round "1"]
1.Nb1c3 d5
2.e4 d4
3.Nc3e2 Nb8c6
4.Ne2g3 e5
5.Ng1f3 f6
6.Bf1c4 Ng8e7
7.O-O h5
8.c3 g5
9.Qd1b3 Qd8d6
10.Bc4f7 Kd8
11.Bf7xh5 Qd6e6
12.h3 Qe6xb3
13.axb3 Bc8e6
14.b4 b5
15.cxd4 exd4
16.d3 Ne7c8
17.e5 fxe5
18.Nf3xg5 Be6d5
19.Bh5f7 Nc8b6
20.Bf7xd5 Nb6xd5
21.Ng5f7 Kd7
22.Nf7xh8 Nd5xb4
23.Rf1d1 Bf8e7
24.Nh8g6 Be7d6
25.Ng3e4 a5
26.Bc1g5 a4
27.h4 Nb4d5
28.h5 b4
29.h6 Nc6e7
30.Ra1xa4 Ra8xa4
31.Ng6f8 Ke8
32.h7 { resign }
1-0

[Event "Tourn. n9823"]
[Site "www.echecsemail.com"]
[Date "2018.06.11"]
[Round "1"]
[White "Juheset"]
[Black "Liencam2"]
[WhiteElo "2010"]
[BlackElo "2290"]
[Result "0-1"]
[Round "1"]
1.e3 d5
2.d4 Ng8f6
3.c3 c5
4.dxc5 e6
5.Bf1b5 Bc8d7
6.Bb5xd7 Nb8xd7
7.Ng1f3 Bf8xc5
8.Nb1d2 O-O
9.O-O Qd8c7
10.b4 Bc5d6
11.Bc1b2 Nf6g4
12.h3 Ng4e5
13.Nf3xe5 Bd6xe5
14.Ra1c1 Ra8c8
15.Qd1c2 Be5h2
 { time }
0-1

[Event "Match"]
[Site "www.echecsemail.com"]
[Date "2018.06.11"]
[Round "1"]
[White "Gidgud"]
[Black "Mdesouza"]
[WhiteElo "1809"]
[BlackElo "2310"]
[Result "1-0"]
[Round "1"]
1.e4 g6
2.d4 Bf8g7
3.Nb1c3 d6
4.h3 Ng8f6
5.Bc1e3 O-O
6.Bf1e2 c6
7.Ng1f3 Qd8c7
8.O-O e5
9.d5 cxd5
10.exd5 b6
11.Nc3b5 Qc7e7
12.Rf1e1 Bc8b7
13.c4 Nb8a6
14.Nf3d2 Nf6d7
15.Nd2e4 Na6c5
16.Ne4xd6 Bb7a6
{ time. }
1-0

[Event "Tourn. n9845"]
[Site "www.echecsemail.com"]
[Date "2018.06.11"]
[Round "1"]
[White "Coolant"]
[Black "Rons"]
[WhiteElo "2340"]
[BlackElo "2650"]
[Result "0-1"]
[Round "1"]
1.Nb1c3 d5
2.d4 Ng8f6
3.f3 e6
4.e4 c5
5.Bc1g5 cxd4
6.Qd1xd4 Nb8c6
7.Bf1b5 Bc8d7
8.Bb5xc6 bxc6
9.e5 c5
10.Qd4h4 Qd8b8
11.O-O-O Nf6g8
12.Ng1e2 h6
13.Bg5f4 Qb8b7
14.Rh1e1 Ng8e7
15.g4 g5
16.Bf4xg5 Ne7g6
17.Qh4g3 hxg5
18.f4 d4
19.Ne2xd4 cxd4
20.Rd1xd4 gxf4
{ resign }
0-1

[Event "Match"]
[Site "www.echecsemail.com"]
[Date "2018.06.11"]
[Round "1"]
[White "Ssharp"]
[Black "Bojan"]
[WhiteElo "2170"]
[BlackElo "1990"]
[Result "1-0"]
[Round "1"]
1.e4 e5
2.Ng1f3 Nb8c6
3.Bf1c4 Qd8f6
4.Nb1c3 Bf8c5
5.d3 h6
6.Nc3d5 Qf6d6
7.c3 Nc6a5
8.Bc4b3 c6
9.Nd5e3 Na5xb3
10.Qd1xb3 Qd6f6
11.Ne3g4 Qf6e7
12.Ng4xe5 Bc5b6
13.Bc1d2 Bb6c7
14.Ne5g4 d5
15.h3 dxe4
16.dxe4 Ng8f6
17.Ng4xf6 gxf6
18.O-O-O b6
19.Rh1e1 Bc8e6
20.Qb3a4 b5
21.Qa4a6 Be6c8
22.Qa6xc6 { resign }
1-0

[Event "Match"]
[Site "www.echecsemail.com"]
[Date "2018.06.11"]
[Round "1"]
[White "Fangshuo"]
[Black "Tonino1"]
[WhiteElo "2150"]
[BlackElo "2190"]
[Result "0-1"]
[Round "1"]
1.e4 d6
2.Ng1f3 Ng8f6
3.Nb1c3 c6
4.d4 Qd8c7
5.e5 dxe5
6.dxe5 Nf6d7
7.Bc1f4 e6
8.g3 Bf8e7
9.Bf1g2 O-O
10.O-O a5
11.Nc3e4 Nb8a6
12.Rf1e1 Rf8d8
13.Qd1e2 Na6c5
14.Ne4g5 Nd7f8
15.Nf3h4 h6
16.Ng5xf7 Kxf7
17.Bf4xh6 gxh6
18.Qe2h5 Kg7
19.Re1e3 Be7xh4
20.Qh5xh4 Nf8g6
21.Qh4g4 Rd8d5
22.Bg2xd5 exd5
23.e6 Nc5e4
24.h4 Ne4f6
25.Qg4h3 h5
26.Ra1e1 Nf6g4
27.Re3f3 Ng6e5
28.Rf3f5 Bc8xe6
29.Rf5xh5 Ne5f3
{ resign }
0-1

[Event "Match"]
[Site "www.echecsemail.com"]
[Date "2018.06.11"]
[Round "1"]
[White "Whitekknight"]
[Black "Darknight"]
[WhiteElo "1860"]
[BlackElo "1900"]
[Result "0-1"]
[Round "1"]
1.e4 e5
2.Ng1f3 d6
3.Bf1c4 h6
4.h3 Ng8f6
5.Nb1c3 c6
6.d4 exd4
7.Nf3xd4 a6
8.O-O g5
9.Nd4f3 g4
10.Nf3e1 Qd8e7
11.Qd1d3 gxh3
12.g3 Bc8g4
13.f3 Bg4e6
14.Kh2 Rh8g8
15.Bc1f4 Qe7c7
16.Bc4xe6 fxe6
17.Ra1d1 e5
18.Bf4e3 Qc7d7
19.Rf1g1 Nf6h5
20.Be3f2 Qd7f7
21.Bf2c5 Qf7d7
22.Qd3c4 Rg8g6
23.Ne1d3 Qd7g7
24.Bc5f2 Nb8d7
25.Nc3e2 O-O-O
26.Qc4c3 Bf8e7
27.Qc3e1 Rd8f8
28.f4 exf4
29.Nd3xf4 Nh5xf4
30.Ne2xf4 Nd7e5
31.Qe1e3 Ne5g4
{ resign }
0-1

[Event "1/128 Finale"]
[Site "www.chess-mail.com"]
[Date "2018.06.11"]
[Round "1"]
[White "Llord"]
[Black "Passaroa25"]
[WhiteElo "1940"]
[BlackElo "1560"]
[Result "1-0"]
[Round "1"]
1.e4 Nb8c6
2.Ng1f3 Ng8f6
3.Nb1c3 d6
4.d4 e6
5.Bc1g5 Nc6e7
6.d5 h6
7.Bg5h4 g5
8.Bh4g3 Bc8d7
9.e5 Nf6xd5
10.Nc3xd5 Ne7xd5
11.exd6 Bf8xd6
12.Bf1d3 Qd8f6
13.c3 Bd6xg3
14.fxg3 Nd5e3
15.Qd1d2 Ne3g4
16.O-O O-O-O
17.Qd2e2 Qf6g7
18.Nf3d4 Ng4f6
19.Qe2f2 Rh8f8
20.Qf2xf6 Qg7xf6
21.Rf1xf6 c5
22.Nd4b3 b6
23.a4 Kc7
24.a5 Rd8a8
25.axb6 Kxb6
26.Ra1a6 Kb7
27.Nb3xc5 Kc7
28.Nc5xd7 Kxd7
29.Bd3e4 Ke7
30.Rf6xh6 f6
31.Be4xa8 Rf8xa8
32.Rh6h7 Kf8
33.Rh7h8 Ke7
34.Rh8xa8 { resign }
1-0

[Event "Tourn. n9788"]
[Site "www.chess-mail.com"]
[Date "2018.06.12"]
[Round "1"]
[White "Griffo30"]
[Black "Prize64"]
[WhiteElo "2230"]
[BlackElo "2100"]
[Result "1-0"]
[Round "1"]
1.e4 c5
2.b3 d5
3.exd5 Qd8xd5
4.Nb1c3 Qd5d8
5.Bc1b2 Nb8c6
6.Bf1b5 Bc8d7
7.Ng1f3 Ng8f6
8.O-O e6
9.Rf1e1 Bf8e7
10.Bb5xc6 Bd7xc6
11.Nf3e5 Qd8c7
12.Ne5xc6 Qc7xc6
13.d3 O-O
14.h3 Ra8d8
15.Qd1e2 a6
16.Nc3e4 Nf6xe4
17.Qe2xe4 Qc6xe4
18.Re1xe4 Rd8d5
19.a4 g6
20.g3 Rf8d8
21.f4 Be7f8
22.Kf2 Bf8g7
23.Bb2xg7 Kxg7
24.g4 Rd5d4
25.Ra1e1 b5
26.Re4xd4  { time }
1-0

[Event "Tourn. n9794"]
[Site "www.chess-mail.com"]
[Date "2018.06.12"]
[Round "1"]
[White "Add"]
[Black "Prize64"]
[WhiteElo "2210"]
[BlackElo "2110"]
[Result "1-0"]
[Round "1"]
1.e4 c5
2.Ng1f3 Nb8c6
3.d4 cxd4
4.Nf3xd4 g6
5.Nb1c3 Bf8g7
6.Nd4f3 d6
7.h3 Ng8f6
8.a3 O-O
9.Bf1d3 a6
10.Bc1e3 Ra8b8
11.Qd1d2 Bc8d7
12.Be3h6 b5
13.Bh6xg7 Kxg7
14.Nc3d5 Nf6xd5
15.exd5 Nc6a5
16.b4 Na5b7
17.O-O Qd8c7
18.Nf3d4 Nb7d8
19.Rf1e1 e5
20.dxe6 fxe6
21.Ra1c1 e5
22.Nd4e2 Bd7c6
23.Ne2g3 Nd8e6
24.c4 Qc7d7
25.Bd3e4 Ne6d4
26.Be4xc6 Qd7xc6
27.cxb5 Qc6xb5
28.Rc1c7 Rf8f7
29.Rc7xf7 Kxf7
30.Qd2h6 Kg8
31.Ng3e4 Rb8f8
32.f3  { time }
1-0

[Event "Tourn. n9780"]
[Site "www.chess-mail.com"]
[Date "2018.06.12"]
[Round "1"]
[White "Bira47"]
[Black "Claymil"]
[WhiteElo "1950"]
[BlackElo "1940"]
[Result "0-1"]
[Round "1"]
1.c4 c5
2.g3 Nb8c6
3.a3 g6
4.Bf1g2 Bf8g7
5.Nb1c3 e6
6.e3 Ng8e7
7.Ng1e2 O-O
8.O-O a6
9.d4 cxd4
10.exd4 d5
11.b3 dxc4
12.bxc4 Nc6xd4
13.Ra1b1 Ne7c6
14.Bc1b2 Qd8d6
15.Nc3e4 Nd4xe2
16.Qd1xe2 Qd6e7
17.Bb2xg7 Kxg7
18.Qe2b2 Kh6
19.Ne4f6 e5
20.Nf6g4 Bc8xg4
21.f3 Bg4c8
22.Qb2d2 Kg7
23.f4 Rf8d8
24.Qd2c3 Nc6d4
25.Rf1e1 f6
26.fxe5 fxe5
27.Rb1d1 Nd4e2
28.Re1xe2 Rd8xd1
29.Kf2 Qe7f6
30.Bg2f3 Bc8h3
31.Re2e1 Rd1xe1
32.Kxe1 Ra8d8
33.Kf2 Rd8d1
34.Ke3 Qf6g5
35.Ke2 Rd1d4
36.Qc3e3 Bh3f1
37.Kf2 Rd4d2
{ resign }
0-1

[Event "Tourn. n9777"]
[Site "www.chess-mail.com"]
[Date "2018.06.12"]
[Round "1"]
[White "Awfen"]
[Black "Fabos12"]
[WhiteElo "2080"]
[BlackElo "1880"]
[Result "1-0"]
[Round "1"]
1.e4 e6
2.d4 d5
3.e5 c5
4.c3 Nb8c6
5.Ng1f3 Bf8e7
6.Bf1b5 a6
7.Bb5a4 b5
8.Ba4c2 c4
9.O-O Ra8b8
10.Nb1d2 h6
11.h3 f6
12.Bc2g6 Kf8
13.Rf1e1 b4
14.Nf3h2 Qd8c7
15.Nd2f3 Be7d8
16.Nf3h4 Ng8e7
17.Qd1f3 Ne7g8
18.Bg6c2 Ke8
19.Nh4g6 Rh8h7
20.Qf3h5 f5
21.Ng6f4 Qc7f7
22.Qh5xf7 Kxf7
23.Bc2d1 g5
24.Bd1h5 Kf8
25.Nf4g6 Kg7
26.Nh2f3 Ng8e7
27.Ng6xe7 Nc6xe7
28.Nf3h2 Kg8
29.Bc1d2 a5
30.Re1e3 f4
31.Re3f3 Ne7f5
32.g3 fxg3
33.fxg3 Rh7g7
34.Kg2 Bd8e7
35.Nh2g4 Bc8d7
36.Ra1e1 Bd7e8
{ time. }
1-0

[Event "Match"]
[Site "www.echecsemail.com"]
[Date "2018.06.12"]
[Round "1"]
[White "Juheset"]
[Black "Calponas"]
[WhiteElo "1990"]
[BlackElo "2130"]
[Result "0-1"]
[Round "1"]
1.Ng1f3 Ng8f6
2.c4 g6
3.e3 Bf8g7
4.d3 c5
5.Nb1c3 O-O
6.Bf1e2 Nb8c6
7.b3 d5
 { time }
0-1

[Event "Tourn. n9823"]
[Site "www.echecsemail.com"]
[Date "2018.06.12"]
[Round "1"]
[White "Prize64"]
[Black "Liencam2"]
[WhiteElo "2110"]
[BlackElo "2290"]
[Result "0-1"]
[Round "1"]
1.Ng1f3 c5
2.c4 e6
3.g3 Ng8f6
4.Bf1g2 g6
5.Nb1c3 d5
6.cxd5 exd5
7.d4 Nb8d7
8.O-O Bf8g7
9.dxc5 Nd7xc5
10.Bc1g5 Bc8e6
11.Nf3d4 O-O
12.e3 Qd8d7
13.Nd4xe6 fxe6
14.Qd1e2 Ra8c8
15.Ra1d1 Qd7f7
 { time }
0-1

[Event "Match"]
[Site "www.echecsemail.com"]
[Date "2018.06.12"]
[Round "1"]
[White "J1j6"]
[Black "Fangshuo"]
[WhiteElo "1809"]
[BlackElo "2160"]
[Result "0-1"]
[Round "1"]
1.Ng1f3 d5
2.c4 c6
3.e3 e6
4.cxd5 cxd5
5.a3 Nb8c6
6.Nb1c3 Ng8f6
7.d3 d4
8.exd4 Nc6xd4
9.Nf3xd4 Qd8xd4
10.Qd1f3 Bf8e7
11.Bc1e3 Qd4e5
12.d4 Qe5a5
13.Be3d2 Qa5b6
14.Bd2e3 Qb6xb2
15.Ra1c1 O-O
16.d5 exd5
17.Nc3xd5 Nf6xd5
18.Qf3xd5 Bc8e6
19.Qd5a5 Be7xa3
20.Be3d2 Rf8e8
21.Bf1e2 b6
22.Qa5a4 Be6b3
23.Qa4g4 Ra8d8
24.Bd2c3 Qb2xc1
{ resign }
0-1

[Event "Tourn. n9825"]
[Site "www.echecsemail.com"]
[Date "2018.06.12"]
[Round "1"]
[White "Falcoale"]
[Black "Reda"]
[WhiteElo "1990"]
[BlackElo "1790"]
[Result "1-0"]
[Round "1"]
1.e4 e5
2.Ng1f3 Nb8c6
3.b3 Ng8f6
4.d3 d6
5.Bc1b2 Bc8g4
6.Nb1d2 Bf8e7
7.h3 Bg4e6
8.Bf1e2 O-O
9.O-O d5
10.Nf3xe5 Nc6xe5
11.Bb2xe5 dxe4
12.Nd2xe4 Nf6xe4
13.dxe4 Qd8xd1
14.Ra1xd1 Ra8d8
15.Be5xc7 Rd8xd1
16.Rf1xd1 Rf8c8
17.Bc7g3 Rc8xc2
18.Be2c4 Be6xc4
19.bxc4 Rc2xc4
20.f3 Rc4c2
21.Rd1d7 Be7c5
22.Kh2 b5
23.Rd7d8 Bc5f8
24.Bg3d6 g6
25.Bd6xf8 Rc2xa2
26.Bf8h6 { resign }
1-0